|
|
|
|
| LEADER |
00974nam a22002537a 4500 |
| 001 |
AAL7584 |
| 003 |
BD-DhAAL |
| 005 |
20160928114849.0 |
| 008 |
160928s 2007masp|||| |||| 001 0 eng d |
| 020 |
|
|
|a 0132011603
|
| 040 |
|
|
|a BD-DhAAL
|c BD-DhAAL
|
| 082 |
|
|
|a 551
|
| 100 |
|
|
|a Padilla, Michael J
|9 20441
|
| 245 |
|
|
|a The nature of science and technology /
|c Michael J Padilla; Ioannis Miaoulis; Martha Cyr; Andrew Carl Kemp; Beth Miaoulis
|
| 260 |
|
|
|a Needham, Mass. :
|b Pearson/Prentice Hall,
|c ©2007.
|
| 300 |
|
|
|a x, 162 p. :
|b ill. ;
|c 28 cm
|
| 490 |
|
|
|a Prentice Hall science explorer
|
| 500 |
|
|
|a Includes index
|
| 541 |
|
|
|e 7584
|
| 650 |
|
|
|a Earth sciences
|x Study and teaching (Middle school)
|9 20442
|
| 852 |
|
|
|a Savar Campus Library
|c General Shelf
|
| 942 |
|
|
|2 ddc
|c BK
|
| 999 |
|
|
|c 37786
|d 37786
|
| 952 |
|
|
|0 0
|1 0
|2 ddc
|4 0
|6 551_000000000000000_PAD
|7 0
|9 59629
|a SCL
|b SCL
|c GEN
|d 2016-09-28
|e Gift: The Asia Foundation
|l 0
|o 551 PAD
|p 3020007584
|r 2016-09-28
|t 1
|w 2016-09-28
|y BK
|